| 000 | 00620nam a2200193 i 4500 | ||
|---|---|---|---|
| 001 | 62921 | ||
| 003 | ES-MaACL | ||
| 005 | 20240511063022.0 | ||
| 007 | t| | ||
| 008 | 031126s1925 it ||||1| spa d | ||
| 100 | 1 |
_aFernández Navarro, Lucas, _d1869-1930 _949953 |
|
| 245 | 1 | 0 |
_aDatos sobre el volcanismo canario / _cL. Fernández Navarro. |
| 260 |
_aNapoli : _b[s.n], _c1925 ( _ftip. Francesco Giannini) |
||
| 300 |
_a29 p. : _bil. ; _c24 cm. |
||
| 595 | _aSeparata de: Bulletin volcanologique, v. 2. | ||
| 650 | 4 |
_aVolcanes- _zCanarias. _9164061 |
|
| 852 |
_aES-MaACL _j1682-F-1 |
||
| 999 |
_c62921 _d62921 |
||